000 00425nam a22001817a 4500
003 OSt
005 20180116183025.0
008 151203b xxu||||| |||| 00| 0 eng d
020 _a9780006173809
040 _c0
082 _a813.54 TRE 1987
100 _aJohn Trenhaile
245 _aThe Mahjong Spies
260 _aBritain
_bFontana
_c1987
300 _a509 p.
_bPB
440 _aThe Mahjong Spies
942 _2ddc
_cBK
999 _c350757
_d350757